<?xml version="1.0" encoding="UTF-8"?>
<marc:record xmlns:marc="http://www.loc.gov/MARC21/slim">
   <marc:leader>00000nam a2200000 a 4500</marc:leader>
   <marc:datafield ind1=" " ind2=" " tag="653">
      <marc:subfield code="a">Reime</marc:subfield>
   </marc:datafield>
   <marc:datafield ind1=" " ind2=" " tag="653">
      <marc:subfield code="a">Segenswünsche</marc:subfield>
   </marc:datafield>
   <marc:datafield ind1=" " ind2=" " tag="653">
      <marc:subfield code="a">Glückwünsche</marc:subfield>
   </marc:datafield>
   <marc:datafield ind1=" " ind2=" " tag="653">
      <marc:subfield code="a">Sinnsprüche</marc:subfield>
   </marc:datafield>
   <marc:datafield ind1=" " ind2=" " tag="653">
      <marc:subfield code="a">vers</marc:subfield>
   </marc:datafield>
   <marc:datafield ind1="0" ind2="0" tag="245">
      <marc:subfield code="a">Glück- und Segenswünsche in Vers und Reim</marc:subfield>
   </marc:datafield>
   <marc:datafield ind1=" " ind2="1" tag="264">
      <marc:subfield code="b">Ludwig Verlag</marc:subfield>
   </marc:datafield>
   <marc:datafield ind1="1" ind2=" " tag="520">
      <marc:subfield code="a">Ob Hochzeit, Umzug, Beförderung oder Weihnachtsfeier - hier finden Sie die passenden Verse, Reime und Sinnsprüche: Heiteres und Besinnliches, Klassisches und Modernes, mal kurz, mal lang, für jeden Anlass und für jeden Geschmack das Richtige. Dazu im Anhang eine kleine Rednerschule - mit interessanten Anregungen und vielen praktischen Tipps (auch gegen Lampenfieber).</marc:subfield>
   </marc:datafield>
</marc:record>
